000 00535nam a2200181Ia 4500
003 IN-BaIIA
008 211028s9999 xx 000 0 eng d
040 _cIIA Library
080 _a535.3
_bKOL
100 _aKoller, Lewis R
_92769
245 0 _aUltraviolet radiation
_cLewis R Koller
260 _aNew York
_bJohn Wiley & Sons
_c1952
300 _aix, 270p.
650 _aLight-Visible Radiation
_92024
650 _aNASA Thesaurus
650 _aUltraviolet Radiation
_92770
942 _cBK
999 _c1335
_d1335